000 00511nam a2200193 a 4500
001 1762176645281
003 ACL
005 20251103190208.0
008 251103s1984##################000#0#eng##
020 _a9780070238343
082 0 4 _a658.155
_bSEP
100 1 _aSepulveda, Jose A.,
_eauthor.
245 1 0 _aSchaums Outline of Engineering Economics :
260 _bMcGraw Hill Professional,
_c1984.
300 _a196 pages
650 0 _aBusiness & Economics.
942 _cENGLISH
040 _aACL
_beng
_cACL
999 _c595426
_d595426